<?xml version="1.0" encoding="UTF-8"?>
<marc:record xmlns:marc="http://www.loc.gov/MARC21/slim">
   <marc:leader>00000nam a2200000 a 4500</marc:leader>
   <marc:datafield ind1="1" ind2=" " tag="100">
      <marc:subfield code="a">Himmler, Katrin</marc:subfield>
      <marc:subfield code="4">aut</marc:subfield>
      <marc:subfield code="e">Verfasser/-in</marc:subfield>
   </marc:datafield>
   <marc:datafield ind1=" " ind2=" " tag="653">
      <marc:subfield code="a">Himmler</marc:subfield>
   </marc:datafield>
   <marc:datafield ind1=" " ind2=" " tag="653">
      <marc:subfield code="a">Heinrich</marc:subfield>
   </marc:datafield>
   <marc:datafield ind1=" " ind2=" " tag="653">
      <marc:subfield code="a">Geschichte</marc:subfield>
   </marc:datafield>
   <marc:datafield ind1=" " ind2=" " tag="653">
      <marc:subfield code="a">Großonkel</marc:subfield>
   </marc:datafield>
   <marc:datafield ind1=" " ind2=" " tag="653">
      <marc:subfield code="a">Nationalsozialistischer Verbrecher</marc:subfield>
   </marc:datafield>
   <marc:datafield ind1=" " ind2=" " tag="653">
      <marc:subfield code="a">Großnichte</marc:subfield>
   </marc:datafield>
   <marc:datafield ind1=" " ind2=" " tag="653">
      <marc:subfield code="a">Vergangenheitsbewältigung</marc:subfield>
   </marc:datafield>
   <marc:datafield ind1=" " ind2=" " tag="653">
      <marc:subfield code="a">Biografie</marc:subfield>
   </marc:datafield>
   <marc:datafield ind1=" " ind2=" " tag="653">
      <marc:subfield code="a">Erlebnisbericht</marc:subfield>
   </marc:datafield>
   <marc:datafield ind1=" " ind2=" " tag="653">
      <marc:subfield code="a">Biographie</marc:subfield>
   </marc:datafield>
   <marc:datafield ind1="0" ind2="0" tag="245">
      <marc:subfield code="a">Die Brüder Himmler</marc:subfield>
   </marc:datafield>
   <marc:datafield ind1="0" ind2="0" tag="245">
      <marc:subfield code="b">eine deutsche Familiengeschichte</marc:subfield>
   </marc:datafield>
   <marc:datafield ind1="0" ind2="0" tag="245">
      <marc:subfield code="c">Katrin Himmler. Mit einem Nachw. von Michael Wildt</marc:subfield>
   </marc:datafield>
   <marc:datafield ind1=" " ind2="1" tag="264">
      <marc:subfield code="a">Frankfurt, M.</marc:subfield>
      <marc:subfield code="b">Fischer-Taschenbuch-Verl.</marc:subfield>
      <marc:subfield code="c">2007</marc:subfield>
   </marc:datafield>
   <marc:datafield ind1="1" ind2=" " tag="490">
      <marc:subfield code="a">Fischer</marc:subfield>
      <marc:subfield code="v">16686</marc:subfield>
   </marc:datafield>
   <marc:datafield ind1=" " ind2=" " tag="250">
      <marc:subfield code="a">Ungekürzte Ausg.</marc:subfield>
   </marc:datafield>
   <marc:datafield ind1="1" ind2=" " tag="520">
      <marc:subfield code="a">Angaben aus der Verlagsmeldung

Die Brüder Himmler : Eine deutsche Familiengeschichte / von Katrin Himmler

In der Familie Katrin Himmlers wurde über die Verbrechen Heinrich Himmlers offen gesprochen. Den Erzählungen nach galt ihr Großonkel als der „ungeratene“ Außenseiter eines humanistisch gebildeten Elternhauses, seine Brüder Gebhard und Ernst hingegen hätten mit der Politik des NS-Regimes nicht viel zu tun gehabt.
Als sie den Spuren ihres seit 1945 vermissten Großvaters Ernst nachgeht, stößt Katrin Himmler auf eine viel tiefere Verstrickung von Heinrichs Brüdern. Als frühe Anhänger der Partei profitierten die beiden nicht nur von den neuen Verhältnissen nach 1933, sondern unterstützen mit ihrer Tätigkeit im Reichserziehungsministerium und im Reichsrundfunk engagiert das NS-Regime. Noch inmitten zerbombter Städte wollten die Brüder gemeinsam mit Heinrich Zukunftspläne „für die nächsten zwanzig Jahre“ schmieden.
Katrin Himmler erzählt die Geschichte einer Familie, in der es kein Mitleid mit den Verfolgten, sondern Einverständnis mit den politischen Verhältnissen gab – bei den Ehefrauen, den Freunden, dem Schwager und bei Heinrichs Geliebter Hedwig Potthast.
In ihrer ungewöhnlichen Auseinandersetzung mit der Vergangenheit kann die Autorein auf zahlreiche unveröffentlichte Briefe und persönliche Dokumente aus den Familiennachlässen zurückgreifen und schließt damit auch Lücken in der bisherigen historischen Forschung.
</marc:subfield>
   </marc:datafield>
   <marc:datafield ind1=" " ind2=" " tag="020">
      <marc:subfield code="a">9783596166862</marc:subfield>
      <marc:subfield code="9">9783596166862</marc:subfield>
   </marc:datafield>
   <marc:datafield ind1=" " ind2=" " tag="020">
      <marc:subfield code="a">3596166861</marc:subfield>
      <marc:subfield code="9">3596166861</marc:subfield>
   </marc:datafield>
   <marc:datafield ind1=" " ind2=" " tag="300">
      <marc:subfield code="a">329 S.</marc:subfield>
   </marc:datafield>
</marc:record>
